000 00881nam a22002177a 4500
999 _c65588
_d65588
005 20240530110832.0
008 190924s2003 ua a f 000 0 ara d
017 _a2004/4199
_bمصر. دار الكتب
040 _aEG-CaGPL
_cEG-CaGPL
082 0 4 _221
_a307.72
_bق/ل ر
110 0 _aالمجلس الاعلى للثقافة ، لجنة الجغرافيا
245 1 2 _aالريف المصرى :
_bحاضرة ومستقبله /
_cلجنة الجغرافيا بالمجلس الاعلى للثقافة
260 _aالقاهرة :
_bالمجلس الاعلى للثقافة،
_c2003
300 _a703 ص. :
_bايض.؛
_c24 سم
650 0 7 _2qrmak
_aالحياة الريفية
_zمصر
650 0 7 _aالتوطين
650 0 7 _aالبدو
_vالحياة الريفية
_yمصر
651 _2qrmak
942 _2ddc
_cBK